000
00306nam a22001337a 4500
008
181015b xxu||||| |||| 00| 0 eng d
020
_a
9780741450647
041
_a
eng
080
_a
341
100
_a
15
101
_a
JUR
245
_a
Justice Delayed Justice Dennied
_c
Ellison.B.B
942
_2
udc
_c
BK
999
_c
49769
_d
49769